[Event "Mumbai Mayors Cup 1st"]
[Site "Mumbai"]
[Date "2008.05.16"]
[Round "8"]
[White "Kulkarni, Rakesh"]
[Black "Rajendra, Bajracharya"]
[Result "1-0"]
[WhiteElo "2181"]
[BlackElo "1974"]
[PlyCount "47"]
[EventDate "2008.05.11"]
[EventType "swiss"]
[EventRounds "11"]
[EventCountry "IND"]
[SourceTitle "CBM 124 Extra"]
[Source "ChessBase"]
[SourceDate "2008.07.03"]
[SourceVersion "1"]
[SourceVersionDate "2008.07.03"]
[SourceQuality "1"]

1. d4 f5 2. e4 fxe4 3. Nc3 Nf6 4. Bg5 e6 5. Nxe4 Be7 6. Bxf6 Bxf6 7. Nf3 0-0 8. Bd3 g6 9. h4 d5 10. Nxf6+ Qxf6 11. Qe2 Nc6 12. h5 g5 13. h6 e5 14. dxe5 Qf4 15. Qe3 Qxe3+ 16. fxe3 g4 17. Ng5 Bf5 18. e4 dxe4 19. Bc4+ Kh8 20. Nf7+ Kg8 21. 0-0 Na5 22. Rxf5 Nxc4 23. Raf1 Ne3 24. Rg5# 1-0